Top 20 Huddersfield Town Goalscorers in the Premier League - Statistics

General Stats
  • This quiz has been taken 13 times
  • The average score is 5 of 16
Answer Stats
N Players Nationality Goals % Correct
2 Aaron Mooy Australian 7
100%
3 Laurent Depoitre Belgian 6
44%
5 Mathias Jorgensen Danish 3
44%
1 Steve Mounié Benin 9
44%
5 Alex Pritchard English 3
33%
10 Elias Kachunga Congolese 1
33%
10 Jon Gorenc Stankovic Slovenian 1
33%
10 Juninho Bacuna Curacao 1
33%
5 Rajiv van La Parra Dutch 3
33%
10 Christopher Schindler German 1
22%
4 Karlan Grant English 4
22%
8 Phillip Billing Danish 2
22%
10 Terence Kongolo Dutch 1
22%
10 Isaac Mbenza Belgian 1
11%
8 Tom Ince English 2
11%
10 Joe Lolley English 1
0%
No matching quizzes found
Score Distribution
Percent of People with Each Score
Percentile by Number Answered
Your Score History
You have not taken this quiz